[Event "Budapest-chT1 Lilienthal 1718"]
[Site "Budapest"]
[Date "2018.01.21"]
[Round "7"]
[White "Fodor, Peter"]
[Black "Kovacs, Pal1111"]
[Result "1-0"]
[WhiteElo "2116"]
[BlackElo "1800"]
[PlyCount "43"]
[EventDate "2017.10.01"]
[EventType "team-tourn"]
[EventRounds "13"]
[EventCountry "HUN"]
[SourceTitle "EXT 2021"]
[Source "ChessBase"]
[SourceDate "2020.10.23"]
[SourceVersion "1"]
[SourceVersionDate "2020.10.23"]
[SourceQuality "1"]
[WhiteTeam "Budapest MTK III"]
[BlackTeam "Mattolda"]
[WhiteTeamCountry "HUN"]
[BlackTeamCountry "HUN"]

1. e4 c5 2. Nc3 d6 3. f4 Nc6 4. Nf3 g6 5. Bc4 Bg7 6. d3 e6 7. f5 gxf5 8. exf5 d5 9. fxe6 Bxe6 10. Bb5 Nge7 11. 0-0 0-0 12. Bg5 Qd6 13. Bxc6 Nxc6 14. Qd2 Nd4 15. Rae1 a6 16. Bf4 Nxf3+ 17. Rxf3 Qd7 18. Bh6 Bd4+ 19. Kh1 Rfe8 20. Qg5+ Kh8 21. Re5 Rg8 22. Qf6+ 1-0

[Event "Donau op 24th"]
[Site "Aschach"]
[Date "2015.12.26"]
[Round "1"]
[White "Stopa, Jacek"]
[Black "Fodor, Peter"]
[Result "1-0"]
[WhiteElo "2460"]
[BlackElo "2035"]
[PlyCount "45"]
[EventDate "2015.12.26"]
[EventType "swiss"]
[EventRounds "7"]
[EventCountry "AUT"]
[SourceTitle "CBM 170 Extra"]
[Source "ChessBase"]
[SourceDate "2016.02.25"]
[SourceVersion "1"]
[SourceVersionDate "2016.02.25"]
[SourceQuality "1"]

1. d4 Nf6 2. c4 e6 3. Nf3 b6 4. g3 Ba6 5. Qb3 d5 6. Nbd2 dxc4 7. Nxc4 Qd5 8. Nce5 Qxb3 9. axb3 Ne4 10. Bg2 f6 11. Nd2 Nxd2 12. Bxd2 c6 13. Rxa6 fxe5 14. dxe5 Bc5 15. Ra4 0-0 16. 0-0 b5 17. Rf4 Rxf4 18. gxf4 Bd4 19. e3 Bxb2 20. Rb1 Ba3 21. b4 a5 22. Ra1 Bb2 23. Ra2 1-0

[Event "Budapest Karacsonyi op 6th"]
[Site "Budapest"]
[Date "2014.12.30"]
[Round "6"]
[White "Koltai, Daniel"]
[Black "Fodor, Peter"]
[Result "1/2-1/2"]
[WhiteElo "1633"]
[BlackElo "2018"]
[PlyCount "94"]
[EventDate "2014.12.27"]
[EventType "swiss"]
[EventRounds "7"]
[EventCountry "HUN"]
[SourceTitle "EXT 2020"]
[Source "ChessBase"]
[SourceDate "2019.10.17"]
[SourceVersion "1"]
[SourceVersionDate "2019.10.17"]
[SourceQuality "1"]

1. e4 c5 2. Nf3 d6 3. d4 cxd4 4. Nxd4 Nf6 5. Nc3 a6 6. Be2 e5 7. Nb3 Be7 8. Be3 Be6 9. Nd5 Bxd5 10. exd5 Nbd7 11. 0-0 0-0 12. c4 Rc8 13. Rc1 Ne8 14. f4 f5 15. fxe5 dxe5 16. c5 Bg5 17. Bxg5 Qxg5 18. c6 Nb8 19. d6 Rxc6 20. d7 Nc7 21. Rxf5 Qxf5 22. d8Q Rxd8 23. Qxd8+ Qf8 24. Bc4+ Rxc4 25. Qxf8+ Kxf8 26. Rxc4 Nc6 27. Na5 Nxa5 28. Rxc7 b5 29. Rc5 e4 30. Re5 Nc4 31. Rxe4 Nxb2 32. Re6 Nc4 33. Rxa6 Ke7 34. Ra7+ Kf6 35. Rb7 Nd6 36. Rd7 Ne4 37. Rd5 Nc3 38. Rd2 g6 39. Rc2 Ne4 40. Rb2 Nd6 41. Kf2 Ke5 42. Ke2 Kd4 43. a4 bxa4 44. Rb4+ Ke5 45. Rxa4 Nf5 46. Ra5+ Kf4 47. Ra7 h6 1/2-1/2

[Event "Budapest Karacsonyi op 6th"]
[Site "Budapest"]
[Date "2014.12.28"]
[Round "2"]
[White "Mirza, Solyom"]
[Black "Fodor, Peter"]
[Result "0-1"]
[WhiteElo "1781"]
[BlackElo "2018"]
[PlyCount "142"]
[EventDate "2014.12.27"]
[EventType "swiss"]
[EventRounds "7"]
[EventCountry "HUN"]
[SourceTitle "EXT 2020"]
[Source "ChessBase"]
[SourceDate "2019.10.17"]
[SourceVersion "1"]
[SourceVersionDate "2019.10.17"]
[SourceQuality "1"]

1. e4 c5 2. Nf3 d6 3. d4 Nf6 4. Nc3 cxd4 5. Nxd4 a6 6. Bg5 e6 7. f4 Be7 8. Qf3 Qc7 9. 0-0-0 Nbd7 10. g4 h6 11. Bxf6 Bxf6 12. f5 Ne5 13. Qg3 Bd7 14. Nce2 Nc4 15. Qb3 Rc8 16. fxe6 fxe6 17. h4 Be5 18. Bh3 Na5 19. Qb4 Bxd4 20. Nxd4 e5 21. c3 exd4 22. Qxd4 0-0 23. g5 Bxh3 24. Rxh3 Qc5 25. Qa4 Nc4 26. gxh6 gxh6 27. Qd7 Qe5 28. Rg1+ Kh8 29. Rhg3 Rcd8 30. Qxb7 Rf1+ 31. Rxf1 Qxg3 32. Qc7 Qe3+ 33. Kc2 Qxe4+ 34. Kb3 Nd2+ 35. Ka3 Nc4+ 36. Kb3 Nd2+ 37. Ka3 Nxf1 38. Qxd8+ Kg7 39. Qd7+ Kf8 40. Qd8+ Kf7 41. Qd7+ Qe7 42. Qf5+ Qf6 43. Qd5+ Ke7 44. Qb7+ Ke6 45. Qe4+ Kf7 46. Qd5+ Kg6 47. Qe4+ Kh5 48. Qd5+ Kxh4 49. Qe4+ Kg3 50. Qd3+ Kf2 51. Qc2+ Ke1 52. Qe4+ Kd2 53. Qg2+ Ke3 54. Qh3+ Ke2 55. Qg2+ Kd3 56. Qd5+ Ke3 57. Qh1 Nd2 58. Qh3+ Nf3 59. Qh1 d5 60. Qc1+ Ke4 61. Qc2+ Kf4 62. Qc1+ Kg3 63. Qe3 h5 64. Qe8 h4 65. Qg8+ Qg5 66. Qb8+ Kg2 67. Qb3 Qe7+ 68. Ka4 Qd7+ 69. Ka3 Qd6+ 70. Ka4 Qc6+ 71. Ka3 Qc5+ 0-1